000 00669nam a2200277Ia 4500
005 20260324114511.0
008 008 260324s9999 xx 000 0 eng d
020 _a9781003228356
037 _aEBOOK
040 _aCRL
040 _beng
040 _cCRL
041 _2eng
041 _aeng
084 _qCRL
100 _aValery Ochkov; Alan Stevens; Anton Tikhonov
_91151025
245 0 _aSTEM Problems with Mathcad and Python
260 _bTaylor and Francis
260 _c2022
365 _a
365 _b240
856 _uhttp://www.taylorfrancis.com/books/9781003228356
942 _cEBOOK
999 _c1741242
_d1741242